Texao: (Registro nro. 25519)

Detalles MARC
000 -Cabecera
Campo de control interno 00488nam a22002057a 4500
005 - Fecha y hora del registro
control field 20260429113649.0
008 - Elementos de Longitud Fija
fixed length control field 260429b |||||||| |||| 00| 0 spa d
041 ## - Idioma
Codigo Idioma ESP
082 ## - DEWEY y NOTACIÓN INTERNA
Dewey 985.4
Notación Interna C28 T. 1 2019
100 ## - AUTOR
Autor denominación Carpio Muñoz, Juan Guillermo
245 ## - TÍTULO DE MATERIAL BIBLIOGRÁFICO
Título Texao:
Título paralelo Arequipa y Mostajo
260 ## - CIUDAD, EDITORIAL, AÑO
Ciudad :
Nombre de la Editorial ,
Año 2019
300 ## - DESCRIPCIÓN
N° Páginas 462 páginas :
Otros detalles ;
Dimensiones 21 cm.
440 ## - MENCIÓN DE SERIE
Título de la Serie
650 ## - TEMAS
Temas Literatura
654 ## - PROGRAMAS
Programa Dpto. de Humanidades
700 ## - OTROS AUTORES
Otros autores ;
942 ## - ELEMENTOS DE KOHA
Tipo de documento Libro
Nombre del creador Justo Noguera
Código de catalogador Justo Noguera
Suppress in OPAC No
Esquema de clasificación Dewey Decimal Classification
Existencias
Codigo completo Registro Colección Copia número Disponibilidad Tipo de préstamo Biblioteca Actual Procedencia (Biblioteca) Ubicacón Fecha Ingreso Tipo de Adquisición Date last seen Total checkouts Date due Date last checked out Price effective from Tipo de Item Estado del Material Fuente de Clasificación Damaged status Withdrawn status
985.4 C28 T. 1 2019 1070772 Universidad Católica San Pablo 1 Disponible Disponible Víctor Andrés Belaunde Víctor Andrés Belaunde Planta baja abierta 29/04/2026 Compra 29/04/2026 1 04/05/2026 29/04/2026 29/04/2026 Libro Bueno Dewey Decimal Classification